Sports Quiz

Random Sports or Artist Quiz

Gymnastics Events Quiz Stats

 Plays Quiz Updated Jan 30, 2019

Support Sporcle.
Go Orange.
Score 0/10 Timer 02:00
0 Plays Today
% Correct
Floor
96.4%
Floor
96.4%
Rings
93.7%
Balance Beam
90.7%
Vault
87.8%
Vault
87.8%
Uneven Bars
86.3%
Pommel Horse
85.8%
Parallel Bars
75.7%
Horizontal Bar
53.4%

From the Vault

Mega-Sorting Gallery: Television II

by Chenchilla

Sorting galleries are always fun, so this one should be mega-fun.
Remove Ads.
Support Sporcle.
Get the best of Sporcle when you Go Orange. This ad-free experience offers more features, more stats, and more fun while also helping to support Sporcle. Thank you for becoming a member.

Show Comments

Extras

Top Quizzes Today


Score Distribution

Your Account Isn't Verified!

In order to create a playlist on Sporcle, you need to verify the email address you used during registration. Go to your Sporcle Settings to finish the process.

Report this User

Report this user for behavior that violates our Community Guidelines.

Details: